[Event "401 Stay Safe Play From Home series"]
[Site "Emanuel Lasker Arena"]
[Date "2020.08.21"]
[Round "1"]
[White "IceQueen"]
[Black "Schachwerk_64"]
[Result "1-0"]
[WhiteElo "2468"]
[BlackElo "1934"]
[Annotator "NA RC"]
[PlyCount "107"]
[EventDate "2020.08.21"]
[EventType "swiss (blitz)"]

1. d4 {[%emt 0:00:01]} Nc6 {[%emt 0:00:01]} 2. Nf3 {[%emt 0:00:00]} d5 {[%emt 0:00:02]} 3. c4 {[%emt 0:00:01]} Bg4 {[%emt 0:00:00]} 4. Nc3 {[%emt 0:00:01]} e5 {[%emt 0:00:02]} 5. cxd5 {[%emt 0:00:01]} Nxd4 {[%emt 0:00:01]} 6. Nxd4 {[%emt 0:00:01]} exd4 {[%emt 0:00:01]} 7. Qxd4 {[%emt 0:00:00]} Nf6 {[%emt 0:00:01]} 8. h3 {[%emt 0:00:02]} Bf5 {[%emt 0:00:02]} 9. e4 {[%emt 0:00:01]} Bg6 {[%emt 0:00:01]} 10. Bb5+ {[%emt 0:00:02]} Nd7 {[%emt 0:00:02]} 11. f4 {[%emt 0:00:03]} a6 {[%emt 0:00:03]} 12. Ba4 {[%emt 0:00:02]} b5 {[%emt 0:00:01]} 13. Bb3 {[%emt 0:00:01]} Bc5 {[%emt 0:00:00]} 14. Qd3 {[%emt 0:00:01]} O-O {[%emt 0:00:01]} 15. f5 {[%emt 0:00:06]} Qh4+ {[%emt 0:00:01]} 16. Kd1 {[%emt 0:00:01]} Bh5+ {[%emt 0:00:02]} 17. Kc2 {[%emt 0:00:02]} Ne5 {[%emt 0:00:04]} 18. Qd2 {[%emt 0:00:06]} Qg3 {[%emt 0:00:02]} 19. Re1 {[%emt 0:00:08]} b4 {[%emt 0:00:01]} 20. Ne2 {[%emt 0:00:01]} Qxg2 {[%emt 0:00:02]} 21. Nf4 {[%emt 0:00:02]} Qxd2+ {[%emt 0:00:08]} 22. Bxd2 {[%emt 0:00:00]} Bf3 {[%emt 0:00:02]} 23. Nd3 {[%emt 0:00:01]} Nxd3 {[%emt 0:00:02]} 24. Kxd3 {[%emt 0:00:00]} Bg2 {[%emt 0:00:01]} 25. Rac1 {[%emt 0:00:01]} Bxh3 {[%emt 0:00:01]} 26. Rxc5 {[%emt 0:00:01]} a5 {[%emt 0:00:01]} 27. Rxc7 {[%emt 0:00:01]} a4 {[%emt 0:00:01]} 28. Bc4 {[%emt 0:00:00]} b3 {[%emt 0:00:01]} 29. a3 {[%emt 0:00:01]} Bxf5 {[%emt 0:00:01]} 30. exf5 {[%emt 0:00:01]} Rac8 {[%emt 0:00:01]} 31. Ree7 {[%emt 0:00:00]} Rxc7 {[%emt 0:00:01]} 32. Rxc7 {[%emt 0:00:00]} g6 {[%emt 0:00:00]} 33. d6 {[%emt 0:00:00]} gxf5 {[%emt 0:00:01]} 34. d7 {[%emt 0:00:01]} Kg7 {[%emt 0:00:00]} 35. Bc3+ {[%emt 0:00:02]} Kg6 {[%emt 0:00:01]} 36. Bb4 {[%emt 0:00:00]} Rd8 {[%emt 0:00:01]} 37. Be7 {[%emt 0:00:00]} Rxd7+ {[%emt 0:00:01]} 38. Rxd7 {[%emt 0:00:00]} f4 {[%emt 0:00:00]} 39. Bb4 {[%emt 0:00:00]} f3 {[%emt 0:00:00]} 40. Bxf7+ {[%emt 0:00:00]} Kf6 {[%emt 0:00:01]} 41. Bc5 {[%emt 0:00:00]} f2 {[%emt 0:00:00]} 42. Bxf2 {[%emt 0:00:00]} Kg7 {[%emt 0:00:01]} 43. Bc4+ {[%emt 0:00:00]} Kh6 {[%emt 0:00:00]} 44. Rd5 {[%emt 0:00:01]} Kg6 {[%emt 0:00:01]} 45. Be3 {[%emt 0:00:00]} Kf7 {[%emt 0:00:01]} 46. Rf5+ {[%emt 0:00:01]} Ke8 {[%emt 0:00:01]} 47. Rh5 {[%emt 0:00:00]} Kd7 {[%emt 0:00:00]} 48. Rxh7+ {[%emt 0:00:00]} Kc6 {[%emt 0:00:00]} 49. Rh5 {[%emt 0:00:00]} Kb7 {[%emt 0:00:00]} 50. Ra5 {[%emt 0:00:00]} Kb8 {[%emt 0:00:01]} 51. Rxa4 {[%emt 0:00:00]} Kc8 {[%emt 0:00:00]} 52. Rb4 {[%emt 0:00:00]} Kd7 {[%emt 0:00:01]} 53. a4 {[%emt 0:00:00]} Kc7 {[%emt 0:00:00]} 54. a5 {[%emt 0:00:00] Zeit Zeit Zeit (Lag: Av=0.47s, max=0.6s) (Lag: Av=0.47s, max=0.6s) (Lag: Av=0.47s, max=0.6s) ' ' '} 1-0

[Event "401 Stay Safe Play From Home series"]
[Site "Emanuel Lasker Arena"]
[Date "2020.08.21"]
[Round "1"]
[White "Mepe_Nika"]
[Black "Buzaglo"]
[Result "1-0"]
[WhiteElo "2358"]
[BlackElo "1871"]
[Annotator "TA"]
[PlyCount "81"]
[EventDate "2020.08.21"]
[EventType "swiss (blitz)"]

{[%evp 9,80,-3,0,8,11,2,17,10,10,13,43,43,55,51,52,45,55,47,57,35,35,35,38,37,46,52,69,38,60,33,70,66,68,77,302,313,705,696,681,389,384,382,394,393,477,402,489,485,660,662,780,720,931,868,834,820,798,748,1142,1115,2043,2036,1523,1497,29992,917,29992,29993,29995,29996,29998,29999,29999]} 1. a3 e6 2. d4 d5 3. Bf4 Nf6 4. e3 Bd6 5. Nf3 Bxf4 6. exf4 {A00: Irregular Openings.} Qd6 7. g3 {[#]} c5 $146 ({Predecessor:} 7... O-O 8. Bg2 c5 9. dxc5 Qxc5 10. O-O Nc6 11. Nbd2 a5 12. Nb3 Qb6 13. Rb1 Bd7 {1-0 (28) Mylnikov,M-Pogrebnoy,A Moscow 2000}) 8. dxc5 {The position is equal.} Qxc5 9. Bd3 Qa5+ 10. Nbd2 {[%cal Bb1d2,Bd2f3,Bf3g5][%mdl 32]} Qd8 11. O-O O-O 12. Ne5 Nc6 13. Ndf3 a6 14. Ng5 h6 15. Ngf3 Nxe5 16. fxe5 Nd7 17. c3 Nc5 18. Bb1 b6 19. Re1 Bb7 20. Qc2 {[%csl Gb1][%cal Rc2h7] [#]} Ne4 21. Nd4 {f3 is the strong threat.} Rc8 $2 (21... Qg5 $16) 22. f3 $18 f5 $2 (22... Qg5 23. fxe4 dxe4) 23. fxe4 fxe4 24. Qe2 Qe7 25. Bc2 b5 26. Rf1 Rfe8 27. Qe3 Qc5 28. Rf4 Ba8 29. Raf1 Re7 30. Qf2 Rce8 31. Rf8+ Kh7 32. Rxe8 Rxe8 33. Qf7 Rg8 34. Qxe6 Qc4 35. Qf5+ Kh8 36. e6 Qe2 37. Qf2 (37. Nxe2 $142 Rb8 38. Nf4 Bc6 39. Nxd5 Bxd5 40. Qxd5 Rg8 41. Bxe4 Rb8 42. Qf5 g6 43. Qxg6 Rg8 44. Qxh6#) 37... Qd2 38. Qxd2 {White mates.} e3 39. Qxe3 g5 40. Qe5+ Rg7 41. Rf8# {Black got outplayed after the opening. Accuracy: White = 80%, Black = 39%.} 1-0

[Event "401 Stay Safe Play From Home series"]
[Site "Emanuel Lasker Arena"]
[Date "2020.08.21"]
[Round "1"]
[White "Lamborghini"]
[Black "Dreamsoldier"]
[Result "1-0"]
[WhiteElo "2249"]
[BlackElo "1246"]
[Annotator "TA"]
[PlyCount "47"]
[EventDate "2020.08.21"]
[EventType "swiss (blitz)"]

{[%evp 9,47,245,287,294,289,289,300,258,506,510,573,575,544,542,679,733,1155,1143,2166,2158,2140,2125,2328,2082,2052,1885,1890,1884,2389,2359,2747,2725,3899,2921,29992,5924,29993,29994,29994,29995]} 1. e4 Nf6 2. e5 Nd5 3. d4 Nb4 4. Nf3 {[#]} N4c6 $146 ({Predecessor:} 4... d6 5. c3 Nd5 6. Bd3 c6 7. Ng5 g6 8. Qf3 f6 9. Nxh7 f5 10. Nxf8 Kxf8 11. Qg3 {1-0 (24) Conde Poderoso,J-Alvarez,M UECC corr 1999}) 5. d5 d6 6. dxc6 {B03: Alekhine's Defence: Four Pawns Attack.} Nxc6 7. Nc3 Bg4 8. Bc4 {Hoping for Bxf7+!White has a decisive advantage.} g6 $2 {[#]} (8... e6 9. Bb5 Qd7 10. exd6 Bxd6) 9. Bxf7+ $1 $18 {[%mdl 512]} Kxf7 10. Ng5+ {[%mdl 64] Discovered Attack} Ke8 11. Qxg4 Bg7 12. Ne6 {[%mdl 64] Double Attack} Qd7 13. Nxg7+ Kf7 14. e6+ Kxg7 15. exd7 Ne5 16. Qg3 Nxd7 17. Be3 Nf6 18. O-O-O e5 19. f4 e4 20. f5 Rhe8 21. Bd4 c5 22. fxg6 (22. Bxf6+ $142 Kf7 23. fxg6+ hxg6 24. Rxd6 Re6 25. Rxe6 Re8 26. Rxe8 Kxe8 {[#]} 27. Qe5+ $1 {[%mdl 576] Double Attack} Kf8 28. Qe7+ {[%mdl 64] Double Attack} Kg8 29. Qg7#) 22... hxg6 23. Bxf6+ Kxf6 24. Rxd6+ {Black got outplayed after the opening} 1-0

[Event "401 Stay Safe Play From Home series"]
[Site "Emanuel Lasker Arena"]
[Date "2020.08.21"]
[Round "1"]
[White "MihailoVujic"]
[Black "Klasman"]
[Result "1-0"]
[WhiteElo "2170"]
[BlackElo "1395"]
[Annotator "TA"]
[PlyCount "35"]
[EventDate "2020.08.21"]
[EventType "swiss (blitz)"]

{[%evp 9,35,105,177,-118,274,283,297,206,306,306,306,294,302,299,374,369,356,352,362,345,415,413,497,482,514,501,516,335]} 1. e4 f5 2. exf5 Nf6 3. g4 {[#]} h6 $146 ({Predecessor:} 3... d6 4. g5 Ne4 5. Qh5+ Kd7 6. d3 Nc5 7. d4 Nca6 8. Nf3 c6 9. Bd2 Kc7 {1-0 (21) Jakobeit,D-Alker,D Braunschweig 2003}) 4. d4 d5 5. Nf3 Nxg4 {[#]} (5... e6 $16) 6. Ne5 $2 {B00: Queen's Fianchetto Defence, Nimzowitsch Defence.} (6. Nh4 $1 $18 Nf6 7. Nc3) 6... Bxf5 $2 {[%mdl 8192]} (6... Nxe5 $17 {keeps the pressure on.} 7. dxe5 Bxf5) 7. Nxg4 $18 Nc6 8. Bd3 {White has a decisive advantage.} Bxd3 (8... Qd7 $142) 9. Qxd3 ({But not} 9. cxd3 $6 e6 $18) 9... Qd6 10. Nc3 O-O-O 11. Be3 h5 12. Ne5 Nxe5 13. dxe5 Qxe5 14. O-O-O c6 15. f4 Qd6 16. Bxa7 {White is clearly winning.} e6 17. Rhf1 Be7 18. Na4 {Black got outplayed after the opening. Accuracy: White = 47%, Black = 30%.} 1-0

[Event "401 Stay Safe Play From Home series"]
[Site "Emanuel Lasker Arena"]
[Date "2020.08.21"]
[Round "1"]
[White "Padmaesh M K"]
[Black "Lazieri3"]
[Result "0-1"]
[WhiteElo "1853"]
[BlackElo "1962"]
[Annotator "TA"]
[PlyCount "84"]
[EventDate "2020.08.21"]
[EventType "swiss (blitz)"]

{[%evp 9,84,7,57,0,14,-10,-7,-11,-14,-35,23,31,139,102,129,127,138,129,136,123,117,120,220,230,231,180,199,183,180,115,221,119,115,81,141,121,123,116,117,101,100,99,538,229,437,254,416,135,1111,185,246,268,435,413,1328,2,16,-21,-18,-589,-533,-361,-186,-460,-255,-645,-589,-571,-518,-511,-495,-487,-487,-483,-462,-29984,-29977]} 1. e4 c6 2. Nf3 d5 3. exd5 cxd5 4. d4 Nc6 5. c4 Bg4 6. Nc3 {B13: Caro-Kann: Exchange Variation and Panov-Botvinnik Attack.} Bxf3 7. gxf3 e6 8. cxd5 {The position is equal.} exd5 9. Qb3 Nf6 (9... Bd6 $15) 10. Qxb7 $11 {[#]} Rc8 $146 (10... Nxd4 $14 11. Bb5+ Nxb5 12. Qxb5+ Qd7) ({Predecessor:} 10... Qe7+ 11. Qxe7+ Bxe7 12. Bb5 Rc8 13. Rg1 O-O 14. Bxc6 Rxc6 15. Bh6 Re8 16. Kd2 Bf8 {1-0 (40) Ojeda,J (2057)-Homero Nieto,G San Cristobal 2015}) 11. Bb5 $36 {[%mdl 2048] Keeping Black busy.} Qd7 12. Qxd7+ Kxd7 13. O-O Bb4 14. Bg5 Bxc3 15. bxc3 Kd6 (15... Ne8 $16 {was worth a try.} 16. Rfe1 f6) 16. Bf4+ $18 Kd7 17. Rfe1 Rhe8 18. Be5 Re6 19. Rab1 (19. c4 $18) 19... Ke8 (19... Ke7 $16 {is a better defense.}) 20. Bxf6 ({White should try} 20. f4 $18 Kf8 21. f5) 20... gxf6 $16 21. Ba4 Kd7 (21... Kf8 $142) 22. Rb7+ Rc7 23. Rxc7+ Kxc7 24. Rxe6 (24. Kf1 {is more complex.} f5 25. Rb1 a6 26. Bc2 Ne7 27. Rb3) 24... fxe6 {[%mdl 4096] Endgame KB-KN} 25. Kg2 e5 $2 {[%mdl 8192]} (25... Nd8 $16) 26. dxe5 (26. Bxc6 $142 Kxc6 27. dxe5) 26... fxe5 $2 (26... Nxe5 27. Kg3 Kd6) 27. Kg3 (27. Bxc6 $142 Kxc6 {[#]} 28. f4 $1 {[%mdl 512]}) 27... Kd6 $2 (27... Nd8 {was necessary.} 28. f4 Nf7) 28. f4 $2 (28. Bxc6 $18 Kxc6 29. f4) 28... e4 $2 {[%mdl 8192]} (28... Ne7 $16 29. fxe5+ Kxe5) 29. f5 $2 (29. Bxc6 Kxc6 30. Kg4) 29... Ne7 (29... Ne5 $142 30. Bb3 a5) 30. f6 $18 Nf5+ $2 (30... Ng6 {keeps fighting.} 31. f7 Ke6) 31. Kf4 Nh6 (31... Nh4 $142 32. f7 Ke7) 32. f7 $2 (32. Be8 $18 {And now Kg5 would win.} Ke6 33. Kg5 Nf7+ 34. Bxf7+ Kxf7 35. Kf5) 32... Nxf7 $11 33. Kf5 Ne5 {aiming for ...Nd3.} 34. Kf6 $2 {[%mdl 8192]} (34. Kf4 $1 $11 {and White stays safe.}) 34... Ng4+ 35. Kf5 Nxh2 (35... Nxf2 $142 36. Kf4 Kc5) 36. Kf4 $2 (36. c4) 36... Nf3 (36... Kc5 $142 37. Bb3 Nf3) 37. Kg3 $2 (37. c4 dxc4 38. Kxe4) 37... Nd2 $19 38. Bd1 h6 39. Bc2 Nc4 40. Bd1 Ke5 41. Bb3 Nd2 42. Bc4 {[#]} (42. Bc2 $19 Kd6 43. Kf4) 42... Nxc4 {Accuracy: White = 32%, Black = 27%.} 0-1

[Event "401 Stay Safe Play From Home series"]
[Site "Emanuel Lasker Arena"]
[Date "2020.08.21"]
[Round "1"]
[White "Haris kollari 13"]
[Black "AChessPlayer"]
[Result "0-1"]
[WhiteElo "1753"]
[BlackElo "2449"]
[Annotator "NA RC"]
[PlyCount "66"]
[EventDate "2020.08.21"]
[EventType "swiss (blitz)"]

1. e4 {[%emt 0:00:01]} c6 {[%emt 0:00:03]} 2. Nf3 {[%emt 0:00:00]} d5 {[%emt 0:00:01]} 3. exd5 {[%emt 0:00:00]} cxd5 {[%emt 0:00:03]} 4. d4 {[%emt 0:00:00]} Nc6 {[%emt 0:00:00]} 5. Bf4 {[%emt 0:00:01]} Nf6 {[%emt 0:00:00]} 6. c3 {[%emt 0:00:01]} Bg4 {[%emt 0:00:01]} 7. Bd3 {[%emt 0:00:01]} e6 {[%emt 0:00:01]} 8. Nbd2 {[%emt 0:00:01]} Bd6 {[%emt 0:00:00]} 9. Bg3 {[%emt 0:00:01]} O-O {[%emt 0:00:01]} 10. Qe2 {[%emt 0:00:01]} Bh5 {[%emt 0:00:01]} 11. h4 {[%emt 0:00:02]} Re8 {[%emt 0:00:01]} 12. O-O-O {[%emt 0:00:02]} h6 {[%emt 0:00:01]} 13. Bxd6 {[%emt 0:00:03]} Qxd6 {[%emt 0:00:01]} 14. Kb1 {[%emt 0:00:02]} b5 {[%emt 0:00:01]} 15. a3 {[%emt 0:00:01]} a6 {[%emt 0:00:02]} 16. Qe3 {[%emt 0:00:03]} Na5 {[%emt 0:00:01]} 17. Ne5 {[%emt 0:00:03]} Nc4 {[%emt 0:00:02]} 18. Bxc4 {[%emt 0:00:02]} bxc4 {[%emt 0:00:00]} 19. f3 {[%emt 0:00:01]} Nd7 {[%emt 0:00:02]} 20. g4 {[%emt 0:00:03]} Bg6+ {[%emt 0:00:02]} 21. Nxg6 {[%emt 0:00:01]} fxg6 {[%emt 0:00:00]} 22. Ka1 {[%emt 0:00:04]} Rf8 {[%emt 0:00:02]} 23. Rdf1 {[%emt 0:00:01]} Rf4 {[%emt 0:00:01]} 24. Rf2 {[%emt 0:00:05]} Raf8 {[%emt 0:00:01]} 25. Rhf1 {[%emt 0:00:01]} a5 {[%emt 0:00:02]} 26. Re1 {[%emt 0:00:03]} Re8 {[%emt 0:00:02]} 27. Nf1 {[%emt 0:00:01]} e5 {[%emt 0:00:01]} 28. dxe5 {[%emt 0:00:01]} Rxe5 {[%emt 0:00:01]} 29. Qd2 {[%emt 0:00:03]} a4 {[%emt 0:00:01]} 30. Rd1 {[%emt 0:00:03]} Nc5 {[%emt 0:00:01]} 31. Qxf4 {[%emt 0:00:02]} Nb3+ {[%emt 0:00:01]} 32. Ka2 {[%emt 0:00:01]} Re1 {[%emt 0:00:03]} 33. Qxd6 {[%emt 0:00:06]} Rxd1 {[%emt 0:00:00] Time Time Time (Lag: Av=0.86s, max=1.5s) (Lag: Av=0.86s, max=1.5s) (Lag: Av=0.86s, max=1.5s)} 0-1

[Event "401 Stay Safe Play From Home series"]
[Site "Emanuel Lasker Arena"]
[Date "2020.08.21"]
[Round "1"]
[White "Trotsky"]
[Black "Hickey"]
[Result "0-1"]
[WhiteElo "1600"]
[BlackElo "2224"]
[Annotator "TA"]
[PlyCount "60"]
[EventDate "2020.08.21"]
[EventType "swiss (blitz)"]

{[%evp 9,60,-9,0,0,-4,-16,-20,-121,-50,-282,-291,-293,-221,-300,-309,-399,-379,-515,-505,-488,-396,-410,-320,-604,-525,-833,-717,-716,-710,-816,-702,-1064,-894,-1660,-1056,-1275,-1276,-1390,-1395,-1368,-1289,-6403,-5602,-29981,-29982,-29972,-2958,-2696,-2271,-29987,-29988,-29995,-29996]} 1. d4 Nf6 2. e3 e6 3. c4 b6 4. Nc3 Bb7 5. Qc2 Bb4 6. f3 {A45: Trompowsky Attack.} O-O 7. Bd3 d5 {[#]} 8. h4 $146 (8. cxd5 $11 exd5 9. Nge2) ({Predecessor:} 8. Nge2 c5 9. O-O cxd4 10. Nxd4 dxc4 11. Bxc4 Qe7 12. Bd2 a6 13. a3 Bd6 14. Bd3 Nbd7 {0-1 (33) Schwager,T (1632)-Guenther,T (2044) Berlin 2016}) 8... c5 (8... dxc4 $17 9. Bxc4 c5) 9. Nh3 $2 ({White should try} 9. cxd5 $15 exd5 10. a3 Bxc3+ 11. Qxc3) 9... cxd4 10. exd4 Nc6 11. Be3 dxc4 12. Be2 Nxd4 13. Bxd4 Qxd4 14. Rd1 Bxc3+ 15. bxc3 Qe3 16. Ng5 $2 (16. Qd2 Qc5 17. Qd4) 16... h6 17. Kf1 hxg5 18. hxg5 Qxg5 19. Kf2 g6 20. Rh2 Qc5+ 21. Ke1 Kg7 {...Qg1+ is the strong threat.} 22. Rd4 Rh8 23. Rdh4 Rxh4 24. Rxh4 Rd8 25. Kf1 Qg5 26. Rh1 Rd2 27. Qc1 Qe3 (27... Nd5 $142 28. Ke1 {[#]} Rxe2+ $1 {[%mdl 576] Discovered Attack} 29. Kxe2 Qxg2+ 30. Kd1 Qxh1+ 31. Kc2 Qxf3 32. Kb2 Nf4 33. Ka1 Nd3 34. Qc2 Qf1+ 35. Qb1 Qe2 36. a4 Qd2 37. Qb5 Qxc3+ 38. Kb1 Be4 39. Qe5+ Nxe5+ {[%mdl 64] Discovered Attack} 40. Ka2 Qc2+ {[%mdl 64] Double Attack} 41. Ka3 Qb3#) 28. Qe1 $19 Nh5 29. Rh3 {[#]} Nf4 $1 {[%mdl 64] Double Attack} 30. Rh2 Rxe2 {White got outplayed after the opening. Accuracy: White = 27%, Black = 44%.} 0-1

[Event "401 Stay Safe Play From Home series"]
[Site "Emanuel Lasker Arena"]
[Date "2020.08.21"]
[Round "2"]
[White "NTBT_DHS"]
[Black "Padmaesh M K"]
[Result "1-0"]
[WhiteElo "2503"]
[BlackElo "1841"]
[Annotator "TA"]
[PlyCount "29"]
[EventDate "2020.08.21"]
[EventType "swiss (blitz)"]

{[%evp 9,29,-11,68,1,1,5,59,52,93,82,82,0,-7,0,0,-39,-50,-67,-46,-56,447,461]} 1. e4 e5 2. f4 d5 3. Nf3 dxe4 4. Nxe5 Bd6 5. d4 Bxe5 {[#]} (5... exd3 $11 6. Bxd3 Nf6) 6. dxe5 $146 {C31: Falkbeer Counter Gambit: 3 exd5 c6 and 3...e4 sidelines..} (6. fxe5 $14 Ne7 7. Bg5) ({Predecessor:} 6. fxe5 Qh4+ 7. g3 Qg4 8. Be2 Qh3 9. Be3 Ne7 10. Nc3 c6 11. Qd2 Bf5 12. O-O-O Nd5 {1-0 (31) De Noose,D (1905)-Deschuyteneer,L (1483) Aulnoye 2005}) 6... Qxd1+ $11 7. Kxd1 Nh6 ({Better is} 7... Nc6 $11) 8. Nc3 $14 {White is slightly better.} Bf5 9. h3 Nc6 {[%cal Bb8c6,Bc6d4,Bd4c2][%mdl 32] [#] And now ...0-0-0+ would win.} 10. g4 (10. Be3 $16) 10... O-O-O+ $11 11. Ke1 Nd4 {Strongly threatening ...e3.} 12. Kf2 (12. Rb1 $5 {[%cal Rg4f5]} Nxc2+ 13. Ke2 $11) 12... Nxc2 13. Rb1 {[#]} e3+ $1 {[%mdl 512]} 14. Kg3 (14. Bxe3 Nxe3) 14... Bxg4 $2 {[%mdl 8192]} (14... Bd3 $15 {keeps the upper hand.} 15. Be2 Bxe2 16. Nxe2 Ng8) 15. hxg4 {Accuracy: White = 46%, Black = 38%.} 1-0

[Event "401 Stay Safe Play From Home series"]
[Site "Emanuel Lasker Arena"]
[Date "2020.08.21"]
[Round "2"]
[White "IceQueen"]
[Black "Lamborghini"]
[Result "0-1"]
[WhiteElo "2469"]
[BlackElo "2250"]
[Annotator "TA"]
[PlyCount "76"]
[EventDate "2020.08.21"]
[EventType "swiss (blitz)"]

{[%evp 9,76,9,38,33,28,2,31,7,52,60,60,-10,-19,-12,-16,-97,-101,-96,-113,-106,-106,-97,-96,-122,-122,-169,-152,-139,-69,-66,-63,-54,-55,-58,-72,-59,-39,-51,0,0,55,51,54,47,47,47,45,44,39,25,62,60,254,84,343,195,336,281,214,-62,-59,-53,-66,-160,-23,-6346,-29953,-29982,-29983]} 1. e4 c5 2. Nc3 d6 3. Nf3 Nf6 4. a4 g6 5. Bb5+ Nbd7 6. O-O {B50: Sicilian: 2...d6, Miscellaneous.} Bg7 7. d3 O-O 8. Bg5 {[#] White is slightly better.} Ne5 $146 ({Predecessor:} 8... a6 9. Bc4 Nb6 10. Ba2 Qc7 11. a5 Nbd7 12. Qd2 Re8 13. h3 e6 14. Rfe1 Rb8 {1-0 (25) Desnica,L (1538)-Juric,E (1656) Trogir 2019}) 9. Nxe5 dxe5 10. f4 ({Better is} 10. Bc4 $14) 10... exf4 $11 11. Bxf4 Be6 12. Qe1 (12. Kh1 $11 {keeps the balance.}) 12... a6 $17 13. Bc4 Bxc4 14. dxc4 Qd4+ 15. Kh1 Qxc4 16. e5 Nd5 17. Bd2 Nxc3 18. Bxc3 e6 (18... b5 $17 {White must now prevent ...b4.} 19. b3 Qe6) 19. b3 $15 Qd5 20. Rd1 Qc6 21. Rd6 Qc7 22. Qe4 Rad8 23. Rfd1 {[#]} Rxd6 (23... Bf6 $1 $15 {[%mdl 512]}) 24. exd6 $11 Qd7 (24... Qb6 $1 $11 25. Bxg7 Kxg7) 25. Bxg7 $14 Kxg7 {[%mdl 4096] Endgame KQR-KQR} 26. Qe5+ f6 27. Qxc5 Rc8 28. Qf2 $1 Rc6 29. Qd2 e5 30. c4 $1 f5 $2 {[#]} ({Black should try} 30... a5 $14) 31. h3 $2 (31. Qc3 $18) 31... a5 $2 {[%mdl 8192]} (31... Rc8 $16) 32. Qd5 (32. Qxa5 $142 e4 33. Qe5+ Kh6 34. c5) 32... e4 (32... Kf6 $142 33. Qb5 e4) 33. Qe5+ Kf7 34. Qxa5 $2 (34. Qb5 $18) 34... Rxd6 $15 35. Rxd6 Qxd6 36. Qa7 (36. c5 $1 $15 Qd7 37. Qb5) 36... Qe7 ({Black should play} 36... Qd1+ $17 37. Kh2 Qxb3) 37. Qb6 $2 {[%mdl 8192]} (37. Qe3 $11) 37... e3 $19 38. Kg1 e2 {Black used his chance. Accuracy: White = 41%, Black = 51%.} 0-1

[Event "401 Stay Safe Play From Home series"]
[Site "Emanuel Lasker Arena"]
[Date "2020.08.21"]
[Round "2"]
[White "Mepe_Nika"]
[Black "MihailoVujic"]
[Result "0-1"]
[WhiteElo "2360"]
[BlackElo "2170"]
[Annotator "TA"]
[PlyCount "138"]
[EventDate "2020.08.21"]
[EventType "swiss (blitz)"]

{[%evp 10,138,8,-24,-9,-15,-12,-20,0,-9,0,0,0,0,0,-14,44,-32,-39,-68,-27,-29,-28,-35,-14,-45,-41,-47,-27,-105,-91,-76,-76,-95,-38,-35,-36,-33,-52,-52,0,-35,0,-22,18,-36,-38,-229,-215,-229,-226,-221,-112,-101,-60,-78,-78,-81,-22,-17,0,-51,-8,-78,-78,-67,-78,-226,-226,-247,-240,-218,-137,-251,-123,-834,-821,-29943,-29957,-29963,-29963,-29964,-12793,-29986,-29987,-29988,-29988,-29988,-29988,-29988,-29988,-29988,-29985,-29987,-29988,-29988,-29989,-29989,-29988,-29988,-29988,-29989,-29990,-29991,-29992,-29992,-29993,-29993,-29992,-29993,-29992,-29992,-29992,-29993,-29993,-29993,-29993,-29993,-29994,-29994,-29994,-29995,-29995,-29995,-29995,-29996,-29996,-29996,-29996,-29996,-29997]} 1. d3 e5 2. g3 Nc6 3. Bg2 d5 4. Nf3 Nf6 5. O-O Be7 6. Bg5 h6 {A07: Réti Opening: New York and Capablanca Systems.} 7. Bxf6 Bxf6 8. Nc3 Be6 {The position is equal.} 9. e4 dxe4 10. Nxe4 Be7 {[#]} 11. Re1 $146 ({Predecessor:} 11. Qe2 Qd7 12. Ned2 O-O-O 13. Nxe5 Nxe5 14. Qxe5 f6 15. Qa5 Kb8 16. Rfe1 f5 17. Qe5 {1-0 (17) Jostov,K (1150)-Csoma,B (1118) LSS email 2011}) 11... O-O 12. a3 f5 (12... Re8 $11) 13. Ned2 (13. Nc3 $14) 13... Bf6 14. Qe2 {[%cal Rf3e5]} Bd5 15. c3 Re8 16. b4 a6 17. Nf1 e4 18. dxe4 fxe4 {[#]} 19. Nd4 $1 {[%mdl 512]} Bxd4 $17 (19... Nxd4 20. cxd4) 20. cxd4 Nxd4 21. Qb2 Nf3+ (21... Qf6 $17 {...Nf3+ is the strong threat.} 22. Kh1 Rad8) 22. Bxf3 $1 $15 exf3 23. Rxe8+ Qxe8 24. Ne3 Qe6 (24... Rd8 $15) 25. Rd1 c6 26. Rd4 Qh3 {[#]} 27. Qd2 (27. Rg4 $1 $11 {[%mdl 512]} g5 28. Qf6) 27... Re8 28. Rxd5 $2 (28. Rh4 $15 Qd7 29. Rf4) 28... cxd5 $19 29. Qxd5+ $15 {[%mdl 4096] Endgame KQR-KQN} Kh8 {( -> ...Rxe3!)} 30. Qxf3 Qe6 ({Better is} 30... b5 $19 31. Qd1 Qe6) 31. Qxb7 $17 Qe4 32. Qxe4 Rxe4 $15 {KR-KN} 33. Kf1 Rd4 ({Black should play} 33... a5 $1 $17 34. Ke2 (34. bxa5 Ra4 $15) 34... axb4 35. axb4 Rxb4) 34. Ke2 $11 a5 35. bxa5 (35. Nc2 $11 Rd5 36. Ke3) 35... Ra4 36. Nc2 (36. Kd2 $1 $11) 36... Rxa5 $17 {White is now going downhill.} 37. Kd3 g5 38. f4 (38. f3 $17 {might work better.}) 38... gxf4 $19 39. gxf4 Kg7 40. Ke4 Kf6 41. h3 {[#]} (41. Kf3 $17) 41... Ra4+ (41... Rh5 $1 $19 {is more deadly.} 42. Ne3 Rxh3) 42. Kd5 $2 {[%mdl 8192]} (42. Kf3 $17) 42... Rxf4 43. Nd4 Rh4 44. a4 Rxh3 45. a5 Ra3 (45... Rh5+ $142 46. Ke4 Rxa5 47. Kf3 Ra3+ 48. Ke4 {[#]} Ra4 $1 {[%mdl 512]} 49. Ke3 h5 50. Nc6 Rg4 51. Kf3 Rg5 52. Ke3 Rg3+ 53. Kf4 Rg4+ 54. Kf3 Rg5 55. Kf4 h4 56. Nd4 h3 57. Nf3 Rg2 58. Ke3 Kf5 59. Nh4+ Kf6 60. Nxg2 h2 61. Ne1 h1=Q 62. Nc2 Qc1+ 63. Kd3 Qd1+ 64. Kc3 Ke5 65. Na3 Qd4+ 66. Kb3 Kd5 67. Nc2 Qc4+ 68. Kb2 Ke4 69. Ne1 Qb4+ {[%mdl 64] Double Attack} 70. Kc1 Qxe1+ 71. Kb2 Qb4+ 72. Ka2 Kd3 73. Ka1 Kc3 74. Ka2 Qb2#) 46. Nb3 Rxb3 {KR-KP. Black mates.} 47. Kc5 Ra3 48. Kb4 {[#]} Rxa5 $1 49. Kxa5 {KP-K} Kf5 50. Kb4 Kf4 51. Kc4 Kf3 52. Kd3 h5 53. Kd4 Kf2 54. Ke5 h4 55. Kf4 h3 56. Kg4 h2 57. Kf4 h1=Q 58. Ke5 Qf3 59. Kd4 Qf4+ 60. Kd5 Qe3 61. Kc4 Kf3 62. Kd5 Qe4+ 63. Kc5 Kf4 64. Kb6 Qe5 65. Ka6 Ke4 66. Kb6 Kd4 67. Kb7 Qc5 68. Ka6 Kd5 69. Kb7 Qc6+ {Accuracy: White = 49%, Black = 63%.} 0-1